000 01622nam a2200349 c 4500
003 BLK
005 20180422111934.0
008 180409b bul|||||r ||||||| ||bul||
010 _aKNG00141952000
040 _aBLK
041 _aBUL
_cBUL
080 _aВъображение. Фантазия. Форми и граници на въображението. Творчество
_b159.954
_x
_z159.954
100 1 _aДимитрова, Мария
_eпърви автор
_gКундурджийска, Мария Димитрова
_9364371
700 1 _aСтоименов, Стоян
_eотг. ред.
_9378848
139 _aДимитрова, Мария
_bД 58
245 1 0 _aВъпроси на художествено-творческия процес
_bИзследване
_cМария Димитрова; отг. ред. Стоян Стоименов.
257 _aBGR
260 София
_bБАН
_c1976
300 _a176 с.
_c20 см
380 _a1
500 _aИзд. на БАН. Инст. по философия. - 700 тир. - Библиогр. под линия ; Рез. на рус., фр. ез.
650 4 _aПсихология на изкуството
_9273825
650 4 _aТворчество - психология
_9259876
653 _aтворчество
653 _aпсихология на изкуството
653 _aизследвания
852 _aЦб 83073
856 4 _qpdf
_u
856 4 _qpdf
_u
942 _cKNG
_n0
944 _aCR
_c12.04.2013
_l12.04.2013 - от С1,Р / 12.04.2013
_kРадостина_Карадакова
944 _aED
_c12.04.2013
_l12.04.2013 - от С1,Р / 12.04.2013
_k
999 _c136017
_d136017